[Event "Mengede- Werden 3"]
[Site "?"]
[Date "2023.11.19"]
[Round "4.1"]
[White "Zaschke, Benjamin"]
[Black "Delvos, Thorsten"]
[Result "1/2-1/2"]
[WhiteElo "1967"]
[BlackElo "1994"]
[PlyCount "73"]
[SourceDate "2023.11.29"]
[WhiteTeam "II"]

1. Nf3 d5 2. d4 Bf5 3. c4 c6 4. Nbd2 Nf6 5. Nh4 e6 6. Nxf5 exf5 7. e3 Bd6 8.
Bd3 g6 9. O-O O-O 10. Nf3 Nbd7 11. Rb1 a5 12. b3 Re8 13. a3 Ne4 14. Qc2 b6 15.
Bb2 Qe7 16. a4 Rac8 17. Rbc1 Qf8 18. cxd5 cxd5 19. Qe2 Qh6 20. Bb5 Rcd8 21. Qd3
Ng5 22. Ne5 f6 23. f4 fxe5 24. fxg5 Qxh2+ 25. Kxh2 e4+ 26. Kg1 exd3 27. Kf2 f4
28. Bxd3 Rxe3 29. Rfd1 Nf8 30. Rc6 Ne6 31. Rxb6 Nxg5 32. Rb5 Ne4+ 33. Kg1 Bc7
34. Rb7 Rd7 35. Bc1 Nd6 36. Ra7 Ree7 37. Bxf4 1/2-1/2

[Event "Mengede- Werden 3"]
[Site "?"]
[Date "2023.11.19"]
[Round "4.2"]
[White "Echargui, Amin"]
[Black "Diesing, Christian"]
[Result "1/2-1/2"]
[WhiteElo "1820"]
[BlackElo "1953"]
[PlyCount "74"]
[SourceDate "2023.11.29"]
[WhiteTeam "II"]

1. e4 e6 2. d4 d5 3. Nc3 Nf6 4. Bg5 Be7 5. e5 Nfd7 6. Bxe7 Qxe7 7. f4 O-O 8.
Qd2 c5 9. Nf3 Nc6 10. dxc5 Nxc5 11. Bd3 f6 12. O-O-O Nb4 13. Kb1 Bd7 14. g4
Rac8 15. Nd4 Nc6 16. Nxc6 Bxc6 17. Rhe1 Nxd3 18. cxd3 fxe5 19. Rxe5 Qf6 20. Ne2
Ba4 21. b3 Bd7 22. g5 Qe7 23. Nd4 Qc5 24. Nxe6 Bxe6 25. Rxe6 Rxf4 26. d4 Qf8
27. Re5 Rf2 28. Re2 Qf5+ 29. Kb2 Rxe2 30. Qxe2 Rf8 31. Rc1 Qf2 32. Qxf2 Rxf2+
33. Ka3 b6 34. Rc8+ Rf8 35. Rc7 Rf7 36. Rc8+ Rf8 37. Rc7 Rf7 1/2-1/2

[Event "Mengede- Werden 3"]
[Site "?"]
[Date "2023.11.19"]
[Round "4.3"]
[White "Bury, Tobias"]
[Black "Bork, Sophie"]
[Result "1/2-1/2"]
[WhiteElo "1909"]
[BlackElo "1820"]
[PlyCount "49"]
[SourceDate "2023.11.29"]
[WhiteTeam "II"]

1. c4 e5 2. Nc3 Nf6 3. Nf3 Nc6 4. g3 Bb4 5. Nd5 Bc5 6. Bg2 d6 7. O-O Nxd5 8.
cxd5 Ne7 9. d4 exd4 10. Nxd4 O-O 11. h3 Re8 12. e4 Ng6 13. b3 f6 14. Bb2 Ne5
15. Kh2 Bd7 16. f4 Nf7 17. Qd2 a5 18. a3 c6 19. b4 Bxd4 20. Qxd4 cxd5 21. Qxd5
Bc6 22. Qd4 Qe7 23. Rae1 axb4 24. Qxb4 Ra4 25. Qb3 1/2-1/2

[Event "Mengede- Werden 3"]
[Site "?"]
[Date "2023.11.19"]
[Round "4.4"]
[White "Kraus, Reinhard"]
[Black "Blank, Stephan"]
[Result "1-0"]
[WhiteElo "1805"]
[BlackElo "1797"]
[PlyCount "79"]
[SourceDate "2023.11.29"]
[WhiteTeam "II"]

1. c4 Nf6 2. g3 g6 3. Bg2 Bg7 4. Nc3 e5 5. e4 O-O 6. d3 d6 7. Nge2 Nc6 8. O-O
Be6 9. h3 Qd7 10. Kh2 Nd4 11. Nxd4 exd4 12. Ne2 c5 13. Rb1 a5 14. Bd2 Qc7 15.
f4 Bd7 16. Qc1 Bc6 17. f5 gxf5 18. Rxf5 Kh8 19. Bh6 Bxh6 20. Qxh6 Ng8 21. Qf4
f6 22. Rxc5 Qe7 23. Rf5 Qd7 24. Nxd4 Rae8 25. Rf1 Re5 26. g4 Qe7 27. Nxc6 bxc6
28. d4 Rxf5 29. gxf5 Rf7 30. Re1 c5 31. e5 fxe5 32. dxe5 dxe5 33. Qxe5+ Qxe5+
34. Rxe5 Rc7 35. Bd5 Nf6 36. Kg3 Kg7 37. Kf4 Nh5+ 38. Kg5 Nf6 39. Re6 h6+ 40.
Kf4 1-0

[Event "Mengede- Werden 3"]
[Site "?"]
[Date "2023.11.19"]
[Round "4.5"]
[White "Brixius, Dirk"]
[Black "Weinert, Christian"]
[Result "1-0"]
[WhiteElo "1721"]
[BlackElo "1894"]
[PlyCount "73"]
[SourceDate "2023.11.29"]
[WhiteTeam "II"]

1. c4 e5 2. Nc3 Nf6 3. e3 Be7 4. d4 exd4 5. Qxd4 Nc6 6. Qd2 d6 7. Nf3 Bf5 8.
Bd3 Bxd3 9. Qxd3 Ne5 10. Qe2 Qd7 11. O-O O-O 12. b3 Qg4 13. Nd5 Nxd5 14. cxd5
Qe4 15. Rd1 Bf6 16. Nxe5 Bxe5 17. Bb2 Rfe8 18. Rac1 Bxb2 19. Qxb2 Rac8 20. Rc4
Qf5 21. Qc3 Re7 22. f3 h5 23. e4 Qd7 24. Qd4 b6 25. Rc6 f5 26. exf5 Qxf5 27.
Qd3 Qg5 28. Rc2 h4 29. Re2 Rce8 30. Re4 Rxe4 31. fxe4 Qf4 32. Re1 Re5 33. Qe3
Qg4 34. Qf3 Rg5 35. Qxg4 Rxg4 36. Kf2 g5 37. g3 1-0

[Event "Mengede- Werden 3"]
[Site "?"]
[Date "2023.11.19"]
[Round "4.6"]
[White "Ropel, Dennis"]
[Black "Biermann, Klaus"]
[Result "1/2-1/2"]
[WhiteElo "1773"]
[BlackElo "1791"]
[PlyCount "145"]
[SourceDate "2023.11.29"]
[WhiteTeam "II"]

1. d4 d5 2. Nf3 Nf6 3. Bf4 e6 4. e3 c5 5. c3 Nc6 6. Nbd2 a6 7. a4 Be7 8. Bd3
Nh5 9. Bg3 Nxg3 10. hxg3 h6 11. Ne5 cxd4 12. exd4 Nxe5 13. dxe5 Bd7 14. Nf3 b5
15. axb5 axb5 16. O-O O-O 17. Qe2 Qb6 18. g4 g6 19. Qd2 Kg7 20. b3 Rfc8 21.
Rxa8 Rxa8 22. c4 dxc4 23. bxc4 bxc4 24. Bxc4 Bc6 25. Qe2 Ra4 26. Qc2 Rb4 27.
Ne1 Qd4 28. Be2 Ba4 29. Qc7 Bd8 30. Qd6 Qxd6 31. exd6 Rb6 32. Nd3 Rxd6 33. Nc5
Bc6 34. Bf3 Bxf3 35. gxf3 f5 36. Nb7 Rd7 37. Nxd8 Rxd8 38. Kg2 Kf6 39. Kg3 Rd3
40. gxf5 exf5 41. Ra1 Kg5 42. Ra5 h5 43. Ra4 h4+ 44. Kg2 Kh5 45. Ra5 Rd4 46.
Rb5 Rf4 47. Rb8 Kg5 48. Rf8 h3+ 49. Kxh3 Rxf3+ 50. Kg2 Ra3 51. Rb8 Kg4 52. Rb4+
Kh5 53. f3 g5 54. Rb2 Kh4 55. Rb4+ f4 56. Rb2 g4 57. fxg4 Kxg4 58. Rc2 Rh3 59.
Rc4 Re3 60. Rc2 Rg3+ 61. Kh2 Rh3+ 62. Kg1 Kg3 63. Rg2+ Kf3 64. Ra2 Rg3+ 65. Kf1
Kg4 66. Rg2 Kh3 67. Ra2 Rb3 68. Kf2 Kg4 69. Rc2 Rh3 70. Rc4 Rh2+ 71. Kg1 Ra2
72. Rc3 f3 73. Rc8 1/2-1/2

[Event "Mengede- Werden 3"]
[Site "?"]
[Date "2023.11.19"]
[Round "4.7"]
[White "Eggebrecht, Jan"]
[Black "Schmidt, Jonas"]
[Result "1-0"]
[WhiteElo "1733"]
[BlackElo "1724"]
[PlyCount "69"]
[SourceDate "2023.11.29"]
[WhiteTeam "II"]

1. c4 f5 2. g3 Nf6 3. Bg2 g6 4. Nc3 Bg7 5. d4 O-O 6. e4 d6 7. Nge2 e5 8. O-O
Qe7 9. Bg5 c6 10. Qd2 Qf7 11. d5 cxd5 12. cxd5 a6 13. a4 Nh5 14. f3 f4 15. g4
Nf6 16. h3 Nbd7 17. b4 Nb6 18. Qd3 Bd7 19. a5 Nc8 20. Rfc1 Na7 21. Rc2 Rac8 22.
Rac1 Nb5 23. Nxb5 Bxb5 24. Qd2 Qd7 25. Nc3 Rc7 26. Nxb5 Rxc2 27. Rxc2 Qxb5 28.
Rc7 Ne8 29. Bf1 Qa4 30. Rxb7 Qb3 31. Qd3 Qb2 32. Qxa6 Qd4+ 33. Kg2 Nf6 34. Qa7
Qc3 35. Rxg7+ 1-0

[Event "Mengede- Werden 3"]
[Site "?"]
[Date "2023.11.19"]
[Round "4.8"]
[White "Wiktor, Reinhard"]
[Black "Arp, Piotr"]
[Result "0-1"]
[WhiteElo "1789"]
[BlackElo "1532"]
[PlyCount "108"]
[SourceDate "2023.11.29"]
[WhiteTeam "II"]

1. d4 Nf6 2. Nf3 g6 3. g3 Bg7 4. Bg2 O-O 5. O-O d6 6. c4 Nbd7 7. Nc3 e5 8. e3
Ne8 9. Qc2 f5 10. Rd1 e4 11. Ne1 Nef6 12. Bf1 b6 13. Ng2 g5 14. b4 Qe8 15. Nb5
Qd8 16. Bb2 a6 17. Nc3 Qe8 18. Nd5 Nxd5 19. cxd5 Ra7 20. Be2 Nf6 21. Qb3 Bb7
22. a3 Bxd5 23. Qc2 Qf7 24. Rdc1 c6 25. Qd2 Nd7 26. Rc2 c5 27. Rac1 Rc8 28.
bxc5 dxc5 29. dxc5 bxc5 30. Bxg7 Kxg7 31. Rb2 Ne5 32. Ne1 g4 33. Qc3 Qf6 34.
Rb6 Nf3+ 35. Nxf3 Qxc3 36. Rxc3 exf3 37. Bd3 Be4 38. Bxe4 fxe4 39. Kf1 Rd7 40.
Ke1 Rcd8 41. Rb1 Rd2 42. Rxc5 Re2+ 43. Kf1 Rdd2 44. Rb7+ Kf6 45. Rb6+ Ke7 46.
Rc7+ Kd8 47. Rc1 Rxf2+ 48. Kg1 Rg2+ 49. Kf1 Rxh2 50. Rb8+ Kd7 51. Rb7+ Kd6 52.
Rb6+ Kd5 53. Ke1 Rde2+ 54. Kf1 Rh1# 0-1

[Event "Gladbeck- Ruhrhalbinsel"]
[Site "?"]
[Date "2023.11.19"]
[Round "4.1"]
[White "Krimphoff, Ingo"]
[Black "Hassenrueck, Helmut"]
[Result "1/2-1/2"]
[WhiteElo "1995"]
[BlackElo "2123"]
[PlyCount "50"]
[SourceDate "2023.11.29"]
[WhiteTeam "II"]

1. Nf3 Nf6 2. c4 e6 3. g3 d5 4. Bg2 dxc4 5. Qa4+ Nbd7 6. Qxc4 a6 7. O-O b5 8.
Qc2 Bb7 9. b3 c5 10. Bb2 Be7 11. d3 O-O 12. Nbd2 Qc7 13. Rac1 Rac8 14. Qb1 Rfd8
15. Qa1 Qb8 16. d4 cxd4 17. Bxd4 Ba3 18. Bb2 Bxb2 19. Qxb2 Nc5 20. Rfd1 Qa8 21.
Ne1 Bxg2 22. Nxg2 Qd5 23. Ne3 Qh5 24. Nf3 Nfe4 25. b4 Nb7 1/2-1/2

[Event "Gladbeck- Ruhrhalbinsel"]
[Site "?"]
[Date "2023.11.19"]
[Round "4.2"]
[White "Frohne, Gerd"]
[Black "Schaefer, Johannes"]
[Result "1-0"]
[WhiteElo "2008"]
[BlackElo "1884"]
[PlyCount "71"]
[SourceDate "2023.11.29"]
[WhiteTeam "II"]

1. d4 Nf6 2. Nf3 g6 3. c4 Bg7 4. Nc3 O-O 5. g3 d6 6. Bg2 c5 7. O-O cxd4 8. Nxd4
a6 9. h3 Qc7 10. Nd5 Nxd5 11. cxd5 Qb6 12. Be3 Qxb2 13. Qd3 Qb6 14. Rac1 Qd8
15. Qd2 Re8 16. Rfd1 Nd7 17. Nc6 bxc6 18. dxc6 Nc5 19. Bxc5 Qc7 20. Bd4 Bxd4
21. Qxd4 a5 22. Rb1 Rb8 23. Rxb8 Qxb8 24. Qa4 Qb6 25. Rd5 Ba6 26. Rxa5 Bxe2 27.
Ra8 Rb8 28. Rxb8+ Qxb8 29. Qb3 Qxb3 30. axb3 Kf8 31. c7 Ba6 32. b4 e6 33. b5
Bc8 34. b6 Ke7 35. b7 Kd7 36. b8=Q 1-0

[Event "Gladbeck- Ruhrhalbinsel"]
[Site "?"]
[Date "2023.11.19"]
[Round "4.3"]
[White "Unteregge, Michael"]
[Black "Berg, Dietmar"]
[Result "0-1"]
[WhiteElo "2027"]
[BlackElo "1943"]
[PlyCount "100"]
[SourceDate "2023.11.29"]
[WhiteTeam "II"]

1. Nf3 c5 2. c4 Nc6 3. d4 cxd4 4. Nxd4 g6 5. e4 Bg7 6. Be3 d6 7. Nc3 Nf6 8. Be2
O-O 9. O-O Bd7 10. Qd2 Re8 11. f3 b6 12. Rac1 Rc8 13. Rfd1 Qc7 14. Nd5 Qb7 15.
b3 Rcd8 16. Nb5 Rc8 17. Nbc3 Be6 18. Bg5 Nd7 19. Nf4 Nc5 20. Nxe6 Nxe6 21. Be3
Nc5 22. Nd5 Ne6 23. Bf1 Rcd8 24. Qf2 Ne5 25. g3 h6 26. Nf4 Nc5 27. Nd3 Ncxd3
28. Bxd3 Nxd3 29. Rxd3 Rc8 30. Bd4 Bxd4 31. Qxd4 Qc6 32. Rdc3 Qc5 33. Qxc5 bxc5
34. Kf2 Kg7 35. Ke3 Kf6 36. Rd1 Rb8 37. Rd5 Rec8 38. f4 Rb6 39. e5+ dxe5 40.
Rxe5 Re6 41. Rxe6+ Kxe6 42. Rd3 Rc7 43. Rd5 f6 44. Kd3 Rd7 45. Rxd7 Kxd7 46. a3
a5 47. Kc3 e5 48. fxe5 fxe5 49. b4 cxb4+ 50. axb4 a4 0-1

[Event "Gladbeck- Ruhrhalbinsel"]
[Site "?"]
[Date "2023.11.19"]
[Round "4.4"]
[White "Kruse, Peter"]
[Black "Praemaßing, Reiner"]
[Result "1-0"]
[WhiteElo "1913"]
[BlackElo "1851"]
[PlyCount "35"]
[SourceDate "2023.11.29"]
[WhiteTeam "II"]

1. e4 e6 2. d4 d5 3. exd5 exd5 4. Bd3 Nf6 5. Bf4 Bg4 6. f3 Bh5 7. Ne2 c5 8.
Bxb8 Qa5+ 9. Nbc3 c4 10. Bg3 cxd3 11. Qxd3 Rc8 12. Qe3+ Kd7 13. O-O Bg6 14.
Rac1 Re8 15. Qd2 Bb4 16. a3 Bd6 17. Bxd6 Kxd6 18. Ne4+ 1-0

[Event "Gladbeck- Ruhrhalbinsel"]
[Site "?"]
[Date "2023.11.19"]
[Round "4.5"]
[White "Zagrabski, Kevin"]
[Black "Huttny, Georg"]
[Result "1-0"]
[WhiteElo "1835"]
[BlackElo "1828"]
[PlyCount "49"]
[SourceDate "2023.11.29"]
[WhiteTeam "II"]

1. d4 Nf6 2. Nf3 c5 3. c3 cxd4 4. cxd4 Qc7 5. Nc3 d5 6. Qb3 Qa5 7. Bd2 a6 8.
Na4 Qd8 9. Nb6 Ra7 10. Ne5 Nc6 11. Nxc8 Qxc8 12. Rc1 Nd7 13. Nxc6 bxc6 14. Qxd5
Rc7 15. Qf3 c5 16. d5 Nf6 17. e4 e6 18. Bc4 exd5 19. exd5 Bd6 20. O-O O-O 21.
Rfe1 h6 22. Bf4 Rd8 23. Rcd1 Rcd7 24. Bxh6 gxh6 25. Qxf6 1-0

[Event "Gladbeck- Ruhrhalbinsel"]
[Site "?"]
[Date "2023.11.19"]
[Round "4.6"]
[White "Rickert, Stefan"]
[Black "Richter, Juergen"]
[Result "1/2-1/2"]
[WhiteElo "1903"]
[BlackElo "1809"]
[PlyCount "22"]
[SourceDate "2023.11.29"]
[WhiteTeam "II"]

1. e4 d5 2. exd5 Qxd5 3. d4 c6 4. c4 Qa5+ 5. Nc3 Nf6 6. Nf3 Bg4 7. Bd3 e6 8.
O-O Nbd7 9. h3 Bh5 10. Re1 Bb4 11. Bd2 O-O 1/2-1/2

[Event "Gladbeck- Ruhrhalbinsel"]
[Site "?"]
[Date "2023.11.19"]
[Round "4.8"]
[White "Wendt, Peter"]
[Black "Bauriedel, Friedrich"]
[Result "1/2-1/2"]
[WhiteElo "1739"]
[BlackElo "1836"]
[PlyCount "39"]
[SourceDate "2023.11.29"]
[WhiteTeam "II"]

1. e4 c5 2. d4 e6 3. d5 Nf6 4. dxe6 fxe6 5. e5 Nd5 6. c4 Nb6 7. Be3 g6 8. Qg4
Bg7 9. Bg5 Qc7 10. Bf6 Bxf6 11. exf6 Qe5+ 12. Qe2 Nc6 13. Nf3 Qxe2+ 14. Bxe2
Nd4 15. Nxd4 cxd4 16. Nd2 O-O 17. Nf3 Rxf6 18. Nxd4 Rf4 19. Rd1 d5 20. cxd5
1/2-1/2

[Event "SV Erkenschwick 3 - SC lb Essen"]
[Site "VK2 2023/24"]
[Date "2023.11.20"]
[Round "4.2"]
[White "Schwitkowski, Luka"]
[Black "Ball, JÃ¶rg"]
[Result "0-1"]
[WhiteElo "1880"]
[BlackElo "1920"]
[PlyCount "112"]
[EventDate "2023.??.??"]
[SourceDate "2023.11.29"]
[WhiteTeam "II"]

1. Nf3 f5 2. d4 Nf6 3. h4 d5 4. Bf4 e6 5. e3 Bd6 6. Ne5 O-O 7. Nd2 Nfd7 8. Nxd7
Qxd7 9. Nf3 Qe7 10. Bg5 Qe8 11. Ne5 Nd7 12. Bf4 Nxe5 13. dxe5 Be7 14. Bd3 Bd7
15. g4 Bb5 16. gxf5 Bxd3 17. Qxd3 Rxf5 18. O-O-O c5 19. c4 Rd8 20. cxd5 Rxd5
21. Qc2 Rxd1+ 22. Qxd1 Qd8 23. Bg3 Rf8 24. f4 Qxd1+ 25. Rxd1 Rd8 26. Rxd8+ Bxd8
27. Kc2 b5 28. e4 g6 29. Bf2 Be7 30. Kc3 a6 31. Kd3 Kf7 32. Ke3 Ke8 33. f5 exf5
34. exf5 gxf5 35. Kf4 Kd7 36. Kxf5 c4 37. h5 a5 38. e6+ Kc6 39. Bd4 b4 40. Bf6
Kd6 41. Be5+ Kd5 42. Bg7 a4 43. Bf6 Kd6 44. Be5+ Kd5 45. Bf6 Kd6 46. Bg7 Kd5
47. h6 c3 48. bxc3 b3 49. axb3 axb3 50. Bf6 Kc4 51. Bxe7 b2 52. Kf6 b1=Q 53.
Bf8 Kd5 54. Ke7 Qf5 55. Bg7 Qxe6+ 56. Kf8 Kd6 0-1

[Event "SV Erkenschwick 3 - SC lb Essen"]
[Site "VK2 2023/24"]
[Date "2023.11.20"]
[Round "4.3"]
[White "Wagner, Ole"]
[Black "Hennm, Marcus"]
[Result "1-0"]
[WhiteElo "1872"]
[BlackElo "1984"]
[PlyCount "39"]
[EventDate "2023.??.??"]
[SourceDate "2023.11.29"]
[WhiteTeam "II"]

1. e4 e5 2. Nf3 Nc6 3. Bc4 Nf6 4. d4 exd4 5. O-O Nxe4 6. Re1 d5 7. Bxd5 Qxd5 8.
Nc3 Qd7 9. Nxe4 Be7 10. Bg5 O-O 11. Bxe7 Qxe7 12. Nxd4 Bd7 13. Nb5 Rad8 14. Qh5
Qb4 15. Nxc7 Qxb2 16. c3 f6 17. Qd5+ Rf7 18. Nd6 Ne5 19. Nxf7 Nxf7 20. Qxd7 1-0

[Event "SV Erkenschwick 3 - SC lb Essen"]
[Site "VK2 2023/24"]
[Date "2023.11.20"]
[Round "4.4"]
[White "Strohmann, Marcel"]
[Black "Brandhorst, Dieter"]
[Result "1/2-1/2"]
[WhiteElo "1848"]
[BlackElo "1862"]
[PlyCount "81"]
[EventDate "2023.??.??"]
[SourceDate "2023.11.29"]
[WhiteTeam "II"]

1. e4 d5 2. exd5 Nf6 3. Nc3 Nxd5 4. Bc4 Nxc3 5. Qf3 e6 6. Qxc3 Nc6 7. Nf3 Bd7
8. O-O Qf6 9. d4 h6 10. Be3 Bd6 11. Rad1 O-O 12. a3 Rad8 13. Rfe1 Ne7 14. Ne5
Nd5 15. Qb3 Nb6 16. Nxd7 Rxd7 17. Be2 Rfd8 18. c4 Bf4 19. Bf3 c6 20. a4 Bxe3
21. fxe3 Qg5 22. a5 Nc8 23. a6 bxa6 24. Bxc6 Rd6 25. Bf3 Rb6 26. Qc3 Ne7 27. c5
Rc8 28. Qa3 Rbb8 29. Ra1 Nd5 30. Bxd5 Qxd5 31. Qxa6 Rc6 32. Qe2 Rc7 33. Reb1
Rb3 34. Ra3 Rcb7 35. Rxb3 Qxb3 36. Ra1 Rc7 37. Ra3 Qb4 38. Rc3 Rc6 39. Rc4 Qb3
{(=)} 40. Kf2 Qb5 41. Qc2 {(=)} 1/2-1/2

[Event "SV Erkenschwick 3 - SC lb Essen"]
[Site "VK2 2023/24"]
[Date "2023.11.19"]
[Round "4.5"]
[White "Petri, Norbert"]
[Black "Schulze Bisping, Franz-Adolf"]
[Result "1/2-1/2"]
[WhiteElo "1803"]
[BlackElo "1840"]
[PlyCount "62"]
[EventDate "2023.??.??"]
[SourceDate "2023.11.29"]
[WhiteTeam "II"]

1. c4 e6 2. e4 d5 3. cxd5 exd5 4. exd5 Nf6 5. Nc3 Nxd5 6. d4 Bb4 7. Bd2 O-O 8.
Be2 Nc6 9. Nf3 a6 10. O-O Nf6 11. Bg5 h6 12. Bh4 Re8 13. h3 Be7 14. Bc4 Na5 15.
Bd3 b5 16. Rc1 Bb7 17. Bb1 Nd7 18. Bxe7 Qxe7 19. Qd3 Nf8 20. Rfe1 Qd6 21. Ne4
Bxe4 22. Rxe4 Nc4 23. Rxe8 Rxe8 24. Qc3 Re7 25. Bd3 Nb6 26. Re1 Nd5 27. Qd2
Rxe1+ 28. Qxe1 Ne6 29. Qe4 g6 30. Bc2 c5 31. dxc5 Nxc5 {(=)} 1/2-1/2

[Event "SV Erkenschwick 3 - SC lb Essen"]
[Site "VK2 2023/24"]
[Date "2023.11.19"]
[Round "4.6"]
[White "Heuver, Stefan"]
[Black "Reich, Andreas"]
[Result "1-0"]
[WhiteElo "1833"]
[BlackElo "1777"]
[PlyCount "51"]
[EventDate "2023.??.??"]
[SourceDate "2023.11.29"]
[WhiteTeam "II"]

1. e4 e6 2. d4 d5 3. Nc3 dxe4 4. Nxe4 Be7 5. Nf3 Nf6 6. Bd3 Nbd7 7. Qe2 O-O 8.
O-O b6 9. Re1 Bb7 10. Neg5 Bxf3 11. Nxf3 c5 12. c3 cxd4 13. Nxd4 Qc7 14. Bg5
Nc5 15. Bc2 Nd5 16. Bxe7 Qxe7 17. Qh5 Nf6 18. Qh4 Qc7 19. Re3 Ncd7 20. Rd1 Rfd8
21. Rg3 Qc5 22. Rg5 Qc7 23. Nb5 Qb7 24. Nd6 Qc7 25. Qh6 g6 26. Bxg6 1-0

[Event "SV Erkenschwick 3 - SC lb Essen"]
[Site "VK2 2023/24"]
[Date "2023.11.19"]
[Round "4.7"]
[White "Jurev, Sergej"]
[Black "Schicktanz, Florian"]
[Result "0-1"]
[WhiteElo "1745"]
[BlackElo "1725"]
[PlyCount "52"]
[EventDate "2023.??.??"]
[SourceDate "2023.11.29"]
[WhiteTeam "II"]

1. d4 f5 2. g3 Nf6 3. Bg2 d5 4. c4 e6 5. Nh3 Bb4+ 6. Nc3 O-O 7. O-O c6 8. Qc2
b6 9. a3 Bd6 10. Bf4 Ne4 11. f3 Nxc3 12. Qxc3 Ba6 13. b3 c5 14. e3 Nc6 15. Bxd6
cxd4 16. exd4 Qxd6 17. Rfd1 dxc4 18. bxc4 Rad8 19. c5 Nxd4 20. Nf4 Qxf4 21.
gxf4 Ne2+ 22. Kh1 Nxc3 23. Re1 Nd5 24. cxb6 axb6 25. Rxe6 Nxf4 26. Rxb6 Rf6 0-1

[Event "Eichlinghofen 2- Werne"]
[Site "?"]
[Date "2023.11.19"]
[Round "4.1"]
[White "Schlierkamp, Ferdinand"]
[Black "Zachos, Ingo"]
[Result "1/2-1/2"]
[WhiteElo "2020"]
[BlackElo "2004"]
[PlyCount "20"]
[SourceDate "2023.11.29"]
[WhiteTeam "II"]

1. e4 d6 2. d4 Nf6 3. Nc3 g6 4. f4 Bg7 5. Nf3 O-O 6. Bd3 Na6 7. O-O c5 8. d5
Rb8 9. a4 Nb4 10. Bc4 e6 1/2-1/2

[Event "Eichlinghofen 2- Werne"]
[Site "?"]
[Date "2023.11.19"]
[Round "4.2"]
[White "Horenburg, Oliver"]
[Black "Schnelting, Michael"]
[Result "1-0"]
[WhiteElo "1827"]
[BlackElo "1977"]
[PlyCount "111"]
[SourceDate "2023.11.29"]
[WhiteTeam "II"]

1. d4 Nf6 2. Nf3 d6 3. e3 Nbd7 4. b3 e5 5. dxe5 dxe5 6. Bc4 Bb4+ 7. c3 Be7 8.
O-O O-O 9. Qc2 c6 10. a4 a5 11. Nbd2 Qc7 12. Rd1 h6 13. Ne4 Nb6 14. Nxf6+ Bxf6
15. Ba3 Be7 16. Bxe7 Qxe7 17. Nd2 Bg4 18. f3 Be6 19. Bxe6 Qxe6 20. Ne4 Nd5 21.
Kf2 Rad8 22. c4 Nb4 23. Qe2 f5 24. Nc5 Qe7 25. Nd3 e4 26. Nxb4 Qxb4 27. Qc2 f4
28. Qxe4 Rde8 29. Qc2 fxe3+ 30. Ke2 Qe7 31. Rd4 Qe5 32. Rad1 Qxh2 33. Qg6 Qe5
34. Qd6 Qf5 35. R1d3 h5 36. Qd7 Qg5 37. Qh3 Qc5 38. Rd6 Qa3 39. Re6 Qb2+ 40.
Kxe3 Rd8 41. Rxd8 Rxd8 42. Kf4 Qxb3 43. Re4 Rf8+ 44. Kg3 g6 45. Qe6+ Kg7 46.
Qe5+ Kh6 47. Kh4 Qd1 48. Qg5+ Kg7 49. Re7+ Rf7 50. Qe5+ Kg8 51. Re8+ Rf8 52.
Qe6+ Kg7 53. Qe7+ Rf7 54. Qe5+ Kh6 55. Rh8+ Rh7 56. Qf4+ 1-0

[Event "Eichlinghofen 2- Werne"]
[Site "?"]
[Date "2023.11.19"]
[Round "4.3"]
[White "Meya, Carsten"]
[Black "Behle, Burkhard"]
[Result "1/2-1/2"]
[WhiteElo "1829"]
[BlackElo "1824"]
[PlyCount "38"]
[SourceDate "2023.11.29"]
[WhiteTeam "II"]

1. e4 e6 2. d4 d5 3. Bd3 dxe4 4. Bxe4 Nf6 5. Bf3 Be7 6. Ne2 Nbd7 7. Bf4 Bd6 8.
Bxd6 cxd6 9. O-O O-O 10. c4 Re8 11. Nbc3 e5 12. Ng3 Qb6 13. b3 a6 14. dxe5 dxe5
15. Qe2 Nc5 16. Nd5 Nxd5 17. Bxd5 Be6 18. Rad1 Bxd5 19. Rxd5 Rad8 1/2-1/2

[Event "Eichlinghofen 2- Werne"]
[Site "?"]
[Date "2023.11.19"]
[Round "4.4"]
[White "Dekhtyaryuk, Dimitri"]
[Black "Gaeßner, Marcus"]
[Result "0-1"]
[WhiteElo "1813"]
[BlackElo "1826"]
[PlyCount "92"]
[SourceDate "2023.11.29"]
[WhiteTeam "II"]

1. e4 e6 2. Nf3 d5 3. e5 c5 4. b4 cxb4 5. d4 Nc6 6. a3 Bd7 7. axb4 Bxb4+ 8. c3
Bf8 9. Na3 a6 10. Bd3 Nge7 11. Bg5 h6 12. Bh4 Qb8 13. O-O b5 14. Qc2 Nf5 15.
Bxf5 exf5 16. Bg3 Be6 17. Rfb1 Qc8 18. Qe2 Be7 19. Nc2 g5 20. h4 f4 21. Bh2 Bf5
22. Rc1 Rg8 23. Nfe1 Bg4 24. f3 Bf5 25. Nd3 Qe6 26. Na3 Rb8 27. Nc2 Qg6 28.
Nce1 Qe6 29. Qd2 Qc8 30. Nb4 Nxb4 31. cxb4 Qd7 32. Nd3 Bxd3 33. Qxd3 Rc8 34.
Qh7 Rxc1+ 35. Rxc1 Rg6 36. h5 Rc6 37. Qg8+ Bf8 38. Re1 Qc8 39. e6 Rxe6 40. Re5
Qc1+ 41. Kf2 Qd2+ 42. Kf1 Qd3+ 43. Ke1 Rxe5+ 44. dxe5 Qe3+ 45. Kf1 Qxe5 46. Bg1
Qg7 0-1

[Event "Eichlinghofen 2- Werne"]
[Site "?"]
[Date "2023.11.19"]
[Round "4.5"]
[White "Schikowsky, Andreas"]
[Black "Milkert, Sascha"]
[Result "0-1"]
[WhiteElo "1807"]
[BlackElo "1753"]
[PlyCount "84"]
[SourceDate "2023.11.29"]
[WhiteTeam "II"]

1. e4 e6 2. d3 d5 3. Nd2 c5 4. g3 Nc6 5. Bg2 d4 6. Ngf3 e5 7. O-O Bg4 8. h3 Bh5
9. Re1 g5 10. g4 Bg6 11. Nf1 f6 12. Ng3 Qd7 13. c3 Bd6 14. cxd4 exd4 15. e5
Nxe5 16. Nxe5 Bxe5 17. Bxg5 Kf8 18. Qf3 Kg7 19. Bh4 Rf8 20. Ne4 b6 21. Bg3 Bxg3
22. Nxg3 Nh6 23. Ne4 Rf7 24. Qg3 Rd8 25. f4 f5 26. g5 Ng8 27. Nd2 Re8 28. Nf3
Rxe1+ 29. Rxe1 Re7 30. Ne5 Qd6 31. h4 h5 32. gxh6+ Kxh6 33. Qg5+ Kh7 34. h5 Be8
35. Qxf5+ Kh8 36. Ng6+ Bxg6 37. hxg6 Rxe1+ 38. Kh2 Qe6 39. Qh5+ Kg7 40. Be4 Nf6
41. Qh4 Re2+ 42. Kh1 Qg4 0-1

[Event "Eichlinghofen 2- Werne"]
[Site "?"]
[Date "2023.11.19"]
[Round "4.6"]
[White "Guddat, Joern"]
[Black "Scharfenkamp, Bernd"]
[Result "1-0"]
[WhiteElo "1697"]
[BlackElo "1610"]
[PlyCount "71"]
[SourceDate "2023.11.29"]
[WhiteTeam "II"]

1. e4 e5 2. d4 exd4 3. c3 dxc3 4. Bc4 d6 5. Nf3 Be7 6. Nxc3 Nf6 7. O-O O-O 8.
Bg5 h6 9. Be3 Nc6 10. Qc2 Bg4 11. Nd4 Nxd4 12. Bxd4 Qc8 13. f4 Be6 14. Bd3 c5
15. Be3 Ng4 16. Bd2 c4 17. Be2 Qc5+ 18. Kh1 Nf2+ 19. Rxf2 Qxf2 20. f5 Bd7 21.
Bxc4 Bg5 22. Rd1 Bxd2 23. Qxd2 Qxd2 24. Rxd2 Bc6 25. Kg1 Rad8 26. Kf2 Rfe8 27.
Bd5 Bxd5 28. Rxd5 a6 29. Ke3 Re5 30. Rd4 Kf8 31. Kf4 f6 32. g4 Kf7 33. h4 g6
34. Rc4 Rd7 35. Rc8 Re8 36. fxg6+ 1-0

[Event "Eichlinghofen 2- Werne"]
[Site "?"]
[Date "2023.11.19"]
[Round "4.7"]
[White "Timpte, Susanne"]
[Black "Buechle, Manfred"]
[Result "1/2-1/2"]
[WhiteElo "1585"]
[BlackElo "1695"]
[PlyCount "67"]
[SourceDate "2023.11.29"]
[WhiteTeam "II"]

1. c4 e6 2. Nc3 d5 3. d4 Nf6 4. Nf3 Be7 5. e3 O-O 6. Bd3 c5 7. O-O Nc6 8. dxc5
Bxc5 9. a3 a6 10. b4 Be7 11. Bb2 dxc4 12. Bxc4 b5 13. Be2 Bb7 14. Qxd8 Rfxd8
15. Rfd1 Rac8 16. e4 h6 17. h3 Nd7 18. Rd2 Nb6 19. Rad1 Bf6 20. Rxd8+ Nxd8 21.
Rd6 Nc4 22. Bxc4 Rxc4 23. e5 Be7 24. Rd3 Bxf3 25. gxf3 Nc6 26. Nd1 Bg5 27. Ne3
Bxe3 28. fxe3 Rc2 29. Bc3 Ne7 30. f4 Rc1+ 31. Kf2 Nd5 32. Bd4 Kh7 33. Rd2 Kg6
34. Kf3 1/2-1/2

[Event "Eichlinghofen 2- Werne"]
[Site "?"]
[Date "2023.11.19"]
[Round "4.8"]
[White "Lenz, Helmut"]
[Black "Hoeselbarth, Thomas"]
[Result "1/2-1/2"]
[WhiteElo "1965"]
[BlackElo "1560"]
[PlyCount "102"]
[SourceDate "2023.11.29"]
[WhiteTeam "II"]

1. c4 e6 2. Nf3 d5 3. e3 Nf6 4. b3 c5 5. Bb2 Nc6 6. cxd5 exd5 7. d4 Be6 8. Nbd2
Be7 9. Qc2 cxd4 10. Nxd4 Bd7 11. Rd1 Rc8 12. Qb1 O-O 13. Bd3 Bc5 14. Nxc6 bxc6
15. O-O h6 16. Ba6 Rb8 17. Be5 Rb6 18. Be2 Re8 19. Qb2 Re6 20. a3 Qe7 21. Bxf6
Qxf6 22. Qxf6 Rxf6 23. b4 Be7 24. Nc4 Rb8 25. Ne5 Be8 26. Rc1 Bd6 27. Nd3 Kf8
28. Bf3 Rb5 29. Nc5 Bxc5 30. Rxc5 Rxc5 31. bxc5 Re6 32. Rb1 Re7 33. Rb8 Rc7 34.
a4 Ke7 35. Bg4 Bd7 36. Bxd7 Kxd7 37. Rf8 Ke7 38. Ra8 Ke6 39. Kf1 d4 40. e4 f5
41. f3 fxe4 42. fxe4 d3 43. Re8+ Kd7 44. Rb8 Ke6 45. Rd8 Ke5 46. Rxd3 Kxe4 47.
Rd6 Ke3 48. a5 Rb7 49. Re6+ Kd4 50. Rxc6 Kd5 51. Rc8 Rb5 1/2-1/2